Principios de ecología del paisaje en arquitectura del paisaje y planificación territorial

Saved in:
Bibliografiske detaljer
Main Authors: Dramstad, Wenche E (Author), Olson, James D (Author), Forman, Richard T. T (Author)
Format: Bog
Sprog:spansk
Udgivet: Madrid Fundación Conde del Valle de Salazar 2005
Fag:
Tags: Tilføj Tag
Ingen Tags, Vær først til at tagge denne postø!

MARC

LEADER 00000nam a2200000 a 4500
001 UCJ0322
003 CL-VaPUC
008 060714e20050000SP |||||||||||||||||spa|d
020 |a 8496442063 
082 0 4 |a 711  |b DRA  |2 21 
100 0 |a Dramstad, Wenche E  |e author  |9 500424 
700 0 |a Olson, James D  |e author  |9 500425 
700 0 |a Forman, Richard T. T  |e author  |9 500426 
245 1 0 |a Principios de ecología del paisaje en arquitectura del paisaje y planificación territorial 
300 |a 95 p 
942 |c BK 
945 |d 20060714 00:00:00  |a cmena 
260 |a Madrid  |b Fundación Conde del Valle de Salazar  |c 2005 
650 0 |a Planificación urbana   |9 258176 
650 0 |a Diseño arquitectónico   |9 265271 
650 0 |a Ecología   |9 258124 
650 0 |a Protección del medio ambiente  |9 257626 
650 0 |a Recursos naturales  |9 255232 
583 |a last modification  |c 20130305 03:52:02  |k Rodrigo Vera 
999 |c 317187  |d 317185 
952 |0 0  |1 0  |4 0  |6 711_000000000000000_DRA_2005  |7 0  |8 A  |9 393189  |a BIBAGR  |b BIBAGR  |d 2019-11-22  |i 4253604  |o 711 DRA 2005  |p 4253604  |r 2025-01-20  |w 2019-11-22  |y BK  |k AGR